01459nam a2200361 a 4500001001200000003000800012006001900020007001500039008004100054010001700095020004100112020002700153040002100180035002100201050002500222082001800247100003100265245014800296260004300444300002400487490002200511504005100533533015200584650003300736650001700769650005000786650004700836655002900883710001700912830002300929856012600952999001901078ebr10513540CaPaEBRm u cr cn|||||||||110412s2012 maua sb 001 0 eng d z 2011010113 z9780262016582 (hardcover alk. paper) z9780262298452 (e-book) aCaPaEBRcCaPaEBR a(OCoLC)83880559014aRG137.3b.T35 2012eb04a618.1/8522221 aTakeshita, Chikako,d1963-14aThe global biopolitics of the IUDh[electronic resource] :bhow science constructs contraceptive users and women's bodies /cChikako Takeshita. aCambridge, Mass. :bMIT Press,cc2012. axvi, 238 p. :bill.1 aInside technology aIncludes bibliographical references and index. aElectronic reproduction.bPalo Alto, Calif. :cebrary,d2013.nAvailable via World Wide Web.nAccess may be limited to ebrary affiliated libraries. 0aIntrauterine contraceptives. 0aBiopolitics. 0aWomenxHealth and hygienexPolitical aspects. 0aWomenxHealth and hygienexSocial aspects. 7aElectronic books.2local2 aebrary, Inc. 0aInside technology.40uhttp://site.ebrary.com/lib/rucke/Doc?id=10513540zAn electronic book accessible through the World Wide Web; click to view c220087d220087